Concrete Admixtures Handbook

Na minha lista:
Detalhes bibliográficos
Formato: Livro
Idioma:inglês
Publicado em: Park Ridges : Noyes Publications, 1984
Tags: Adicionar Tag
Sem tags, seja o primeiro a adicionar uma tag!

MARC

LEADER 00000nam a22000003a 4500
001 stu29318
005 20141122063514.6
008 950613s1984----xxu-----------------eng-d
040 |a STU  |b slo 
041 0 |a eng 
044 |a xxu 
080 |a 666.9 
245 |a Concrete Admixtures Handbook 
260 |a Park Ridges :  |b Noyes Publications,  |c 1984 
300 |a 625 s 
500 |a xerox 
996 |b 284V025883  |c V*36325/O-15164  |l VVS  |s A  |a 24  |w stu29318_0001